000 01060nam a22003257a 4500
003 CHAP
005 20220329140933.0
008 971013s1972 r 00010 d
010 _a60066
011 _a61038
035 _a65202
040 _cCHAP
090 _aFolleto 2490
100 0 0 _aHurd, Paul D., Jr.
_956967
245 _aParasitic bees of the genus Holcopasites Ashmead (Hymenoptera : Apoidea)
260 _aWashington :
_bSmithsonian Institution,
_c1972
300 _a41 p.
_b: ilus.
490 _aSmithsonian contributions to zoology
_v; 114
590 _aBATCH-UPD
_b10
_c20130110
_lUCH01
_h0637
590 _aBATCH-UPD
_b10
_c20130410
_lUCH01
_h0321
590 _aBATCH-UPD
_b10
_c20130913
_lUCH01
_h1818
590 _aCONVERSION
_b10
_c20130109
_lUCH01
_h1332
650 1 4 _aAbejas parĂ¡sitas.
_9195
650 1 4 _aHolcopasites.
_955905
700 0 _aLinsley, Earle Gorton.
_967004
830 0 _aSmithsonian contributions to zoology
_v; 114
_9107173
901 _aBK
942 _cFOLL
949 _aFolleto 2490
_bBC
_cFOLL
_d-144870
_eTS1
_i65202
_si
999 _c60066
_d60066